| 000 | 01010nam a2200313 i 4500 | ||
|---|---|---|---|
| 001 | 98500 | ||
| 003 | ES-MaACL | ||
| 005 | 20250818131144.0 | ||
| 007 | t| | ||
| 008 | 050923s1970 sp ||||1| spa d | ||
| 080 | _a929 Beria, Laurenti Paulovich | ||
| 080 | _a929 Atila | ||
| 080 | _a929 Saint-Germain, Comte de | ||
| 100 | 1 |
_aGuillaumin, Claude. _960736 |
|
| 245 | 1 | 0 |
_aBeria / _cClaude Guillaumin _b. Atila / Guy Claisse. El conde St.-Germain / Max Clos. |
| 246 | 3 | _aAtila | |
| 260 |
_a[Madrid] : _bCírculo de Amigos de la Historia, _c[1970] |
||
| 300 |
_a250 p., 4 h. de lám. ; _c18 cm. |
||
| 490 | 1 |
_aPersonajes malditos de la historia ; _v2 |
|
| 600 | 1 | 4 |
_aBeria, Laurenti Paulovich. _928022 |
| 600 | 1 | 4 |
_aAtila. _923745 |
| 600 | 1 | 4 |
_aSaint-Germain _ccomte de. _9101526 |
| 700 | 1 |
_aClaisse, Guy. _938979 |
|
| 700 | 1 |
_aClos, Max. _939285 |
|
| 700 | 2 |
_a _9241884 |
|
| 830 | 1 |
_aPersonajes malditos de la historia ; _v2 _9184476 |
|
| 852 |
_aES-MaACL _jC-45407 |
||
| 999 |
_c98500 _d98500 |
||